Correct the Corrected Song Titles - Statistics

General Stats
  • This quiz has been taken 30 times
  • The average score is 11 of 20
Answer Stats
Corrected Title Actual Title Artist % Correct
In The Club In Da Club 50 Cent
90%
Holler Back Girl Hollaback Girl Gwen Stefani
86%
Sweet Child Of Mine Sweet Child O' Mine Guns N' Roses
83%
Tick Tock Tik Tok Ke$ha
79%
California Girls California Gurls Katy Perry
76%
Whole Lot Of Love Whole Lotta Love Led Zeppelin
76%
Gangster's Paradise Gangsta's Paradise Coolio
72%
More Money More Problems Mo Money Mo Problems Notorious B.I.G.
72%
Skater Boy Sk8er Boi Avril Lavigne
62%
Nothing Compares To You Nothing Compares 2 U Sinead O'Connor
55%
Hot In Here Hot In Herre Nelly
52%
Since You've Been Gone Since U Been Gone Kelly Clarkson
52%
We Are Who We Are We R Who We R Ke$ha
52%
All Eyes On Me All Eyez On Me Tupac Shakur
41%
Pop Music Pop Muzik M
41%
I Would Die For You I Would Die 4 U Prince
38%
Come On Feel The Noise Cum On Feel The Noize Quiet Riot / Slade
34%
In The Garden Of Eden In-A-Gadda-Da-Vida Iron Butterfly
28%
Thank You (For Letting Me Be Myself Again) Thank You (Falettinme Be Mice Elf Agin) Sly & The Family Stone
10%
Mama We're All Crazy Now Mama Weer All Crazee Now Slade
3%
No matching quizzes found
Score Distribution
Percent of People with Each Score
Percentile by Number Answered
Your Score History
You have not taken this quiz